Best practice in inventory management (Record no. 292544)
[ view plain ]
| 000 -LEADER | |
|---|---|
| fixed length control field | 00301 a2200133 4500 |
| 001 - CONTROL NUMBER | |
| control field | 57471 |
| 082 ## - DEWEY DECIMAL CLASSIFICATION NUMBER | |
| Classification number | 657.72 WIL |
| 090 ## - LOCALLY ASSIGNED LC-TYPE CALL NUMBER (OCLC); LOCAL CALL NUMBER (RLIN) | |
| -- | 35203 |
| -- | 35203 |
| 100 ## - MAIN ENTRY--PERSONAL NAME | |
| Personal name | Tony Wild |
| 245 ## - TITLE STATEMENT | |
| Title | Best practice in inventory management |
| 260 ## - PUBLICATION, DISTRIBUTION, ETC. | |
| Place of publication, distribution, etc. | Oxford |
| Name of publisher, distributor, etc. | Buttorworth |
| Date of publication, distribution, etc. | 1998 |
| 300 ## - PHYSICAL DESCRIPTION | |
| Extent | 240p. |
| 500 ## - GENERAL NOTE | |
| General note | DOS |
| 942 ## - ADDED ENTRY ELEMENTS (KOHA) | |
| Institution code [OBSOLETE] | NUST-CAE |
| Call number prefix | 657.72 WIL |
| Withdrawn status | Lost status | Damaged status | Not for loan | Collection code | Permanent Location | Current Location | Date acquired | Total Checkouts | Full call number | Barcode | Date last seen | Price effective from | Koha item type |
|---|---|---|---|---|---|---|---|---|---|---|---|---|---|
| College of Aeronautical Engineering (CAE) | College of Aeronautical Engineering (CAE) | 04/03/2017 | 657.72 WIL | CAE74630 | 04/05/2017 | 04/05/2017 | Book |
